Normal view
MARC view
- MILITARY ART AND SCIENCE-ENCYCLOPEDIA MILITARY HISTORY-ENCYCLOPEDIA MILITARY BIOGRAPHY AFGHANISTAN,SOVIET INVASTION AIRCRAFT MILITARY AIRPOWER HISTORY ARAB ISRAEL WARS WARS-ART CIVIL WAR-AMERICAN CIVIL WAR-RUSSIAN CIVIL WAR-SPANISH COLD WAR GULF WAR HISTORY,ANCIENT MILITARY HISTORY-EARLY MODERN MILITARY HISTORY-MEDIEVEL MILITARY MILITARY HISTORY HISTORY-MODERN MILITARY ITALIANS WARS KOREAN WAR LAND WARFARE NAPOLEON I NAVAL WARFARE ORGANIZATION-AIR FORCE ORGANIZATION-ARMY ORGANIZATION-MILITARY ORGANIZATION-NAVAL PRINCIPLES OF WARS WAR PRINCIPLES SPACE WARFARE TECHNOLOGY-MILITARY TECHNOLOGY-WAREFARE TERRORISM VIETNAM WARS WORLD WAR-I WORLD WAR-II
Entry Topical Term
001 - CONTROL NUMBER
- control field: 76538
003 - CONTROL NUMBER IDENTIFIER
- control field: NUST
005 - DATE AND TIME OF LATEST TRANSACTION
- control field: 20210628205651.0
008 - FIXED-LENGTH DATA ELEMENTS
- fixed length control field: 210628|| aca||aabn | a|a d
040 ## - CATALOGING SOURCE
- Original cataloging agency: NUST
- Transcribing agency: NUST
150 ## - HEADING--TOPICAL TERM
- Topical term or geographic name entry element: MILITARY ART AND SCIENCE-ENCYCLOPEDIA MILITARY HISTORY-ENCYCLOPEDIA MILITARY BIOGRAPHY AFGHANISTAN,SOVIET INVASTION AIRCRAFT MILITARY AIRPOWER HISTORY ARAB ISRAEL WARS WARS-ART CIVIL WAR-AMERICAN CIVIL WAR-RUSSIAN CIVIL WAR-SPANISH COLD WAR GULF WAR HISTORY,ANCIENT MILITARY HISTORY-EARLY MODERN MILITARY HISTORY-MEDIEVEL MILITARY MILITARY HISTORY HISTORY-MODERN MILITARY ITALIANS WARS KOREAN WAR LAND WARFARE NAPOLEON I NAVAL WARFARE ORGANIZATION-AIR FORCE ORGANIZATION-ARMY ORGANIZATION-MILITARY ORGANIZATION-NAVAL PRINCIPLES OF WARS WAR PRINCIPLES SPACE WARFARE TECHNOLOGY-MILITARY TECHNOLOGY-WAREFARE TERRORISM VIETNAM WARS WORLD WAR-I WORLD WAR-II
670 ## - SOURCE DATA FOUND
- Source citation: Work cat.: (NUST): Margiotta, Franklin.D.Col 76537, Brassey's encyclopedia of military history and biblography, 1994
